Discurso y verdad: conferencias sobre el coraje de decirlo todo, Grenoble, 1982 - Berkeley, 1983
Tallennettuna:
| Päätekijä: | |
|---|---|
| Muut tekijät: | |
| Aineistotyyppi: | Kirja |
| Kieli: | espanja |
| Julkaistu: |
Buenos Aires
Siglo Veintiuno
2017
|
| Painos: | 1a. ed |
| Sarja: | Biblioteca Clásica de Siglo Veintiuno. Serie Fragmentos Foucaltianos
|
| Aiheet: | |
| Tagit: |
Lisää tagi
Ei tageja, Lisää ensimmäinen tagi!
|
MARC
| LEADER | 00000cam a2200000 a 4500 | ||
|---|---|---|---|
| 001 | UCC3558 | ||
| 003 | CL-VaPUC | ||
| 005 | 20241127104741.0 | ||
| 008 | 180527e20170000ag |||||||||||||||||spa|d | ||
| 999 | |c 371255 |d 371253 | ||
| 020 | |a 9789876297295 | ||
| 040 | |c Pontificia Universidad Católica de Valparaíso | ||
| 082 | 0 | 4 | |a 190 |b FOU |2 21 |
| 100 | |a Foucault, Michel |e author |9 257945 | ||
| 245 | 1 | 0 | |a Discurso y verdad: conferencias sobre el coraje de decirlo todo, Grenoble, 1982 - Berkeley, 1983 |
| 250 | |a 1a. ed | ||
| 260 | |a Buenos Aires |b Siglo Veintiuno |c 2017 | ||
| 300 | |a 293 p | ||
| 490 | 0 | |a Biblioteca Clásica de Siglo Veintiuno. Serie Fragmentos Foucaltianos | |
| 583 | |a last modification |c 20180527 18:33:00 |k Rodrigo Vera | ||
| 650 | 0 | |a Verdad |9 313815 | |
| 650 | 0 | |a Naturaleza humana |9 308593 | |
| 650 | 0 | |a Filosofía moderna |9 258121 | |
| 700 | 1 | |a Pons, Horacio |e traductor |9 864047 | |
| 942 | |c BK |2 ddc | ||
| 945 | |d 20180527 18:33:00 |a arojas | ||
| 952 | |0 0 |1 0 |3 erb |4 0 |6 190_000000000000000_FOU_2017 |7 0 |8 R |9 488185 |a BIBEDU |b BIBEDU |c MCIRC |i 5470498 |l 2 |o 190 FOU 2017 |p 5470498 |r 2025-01-13 |s 2024-12-12 |w 2019-11-24 |y BK_R |z Catalogado en:20180527 |k FIL | ||